[Event "Open 2004 des PSV Rostock"]
[Site "Rostock"]
[Date "2004.08.26"]
[Round "2.18"]
[White "Fischer, Joachim"]
[Black "Zimmermann, Hendrik"]
[Result "0-1"]
[WhiteElo "1442"]
[BlackElo "2105"]
[PlyCount "46"]
[EventDate "2004.08.26"]
[EventType "swiss"]
[EventRounds "7"]
[EventCountry "GER"]
[Source "Th. Schwetlick"]
[SourceDate "2004.09.01"]

1. e4 c5 2. Nf3 d6 3. d4 cxd4 4. c3 Nf6 5. e5 Nd5 6. Bc4 Nb6 7. Bxf7+ Kxf7 8.
Ng5+ Kg8 9. Qf3 Qe8 10. e6 g6 11. Qe4 Nc6 12. cxd4 d5 13. Qg4 Bg7 14. Be3 h6
15. Nh3 Nd8 16. Nf4 Nxe6 17. Qxg6 Qxg6 18. Nxg6 Nxd4 19. Na3 Nc6 20. Nxh8 Kxh8
21. O-O-O d4 22. Bd2 Bf5 23. Nc2 Rc8 0-1

[Event "Open 2004 des PSV Rostock"]
[Site "Rostock"]
[Date "2004.08.26"]
[Round "2.19"]
[White "Reschke, Heiko"]
[Black "Rath, Wolfgang"]
[Result "1-0"]
[WhiteElo "2085"]
[BlackElo "1642"]
[PlyCount "81"]
[EventDate "2004.08.26"]
[EventType "swiss"]
[EventRounds "7"]
[EventCountry "GER"]
[Source "Th. Schwetlick"]
[SourceDate "2004.09.01"]

1. c4 Nf6 2. Nc3 g6 3. e4 d6 4. g3 Bg7 5. Bg2 O-O 6. Nge2 e5 7. O-O Be6 8. d3
Qd7 9. Nd5 Nxd5 10. cxd5 Bh3 11. Be3 Bxg2 12. Kxg2 f5 13. Qd2 c6 14. f3 cxd5
15. exd5 Na6 16. Rac1 Nc7 17. Nc3 Qf7 18. Bh6 Rac8 19. Bxg7 Kxg7 20. d4 Nxd5
21. dxe5 Nxc3 22. Rxc3 dxe5 23. Rfc1 Rxc3 24. Qxc3 Qd5 25. Kh3 f4 26. Re1 Qe6+
27. Kg2 Rc8 28. Qd2 g5 29. Re2 Rc7 30. Qd8 Qe7 31. Qd5 Kf6 32. Rd2 Rc5 33. Qg8
Rc7 34. Qh8+ Kg6 35. Rd8 Rc2+ 36. Kh3 fxg3 37. hxg3 Rc7 38. Qg8+ Kh6 39. Re8
g4+ 40. fxg4 Qg7 41. Re6+ 1-0

[Event "Open 2004 des PSV Rostock"]
[Site "Rostock"]
[Date "2004.08.26"]
[Round "2.20"]
[White "Kolbe, Jana"]
[Black "Henschke, Andrea"]
[Result "1-0"]
[WhiteElo "2072"]
[BlackElo "1600"]
[PlyCount "47"]
[EventDate "2004.08.26"]
[EventType "swiss"]
[EventRounds "7"]
[EventCountry "GER"]
[Source "Th. Schwetlick"]
[SourceDate "2004.09.01"]

1. d4 Nf6 2. c4 g6 3. Nc3 Bg7 4. e4 d6 5. f3 O-O 6. Bg5 Nc6 7. Qd2 a6 8. Be2
Rb8 9. g4 h5 10. gxh5 Nxh5 11. f4 Nxd4 12. Bxh5 gxh5 13. O-O-O b5 14. f5 Kh7
15. Be3 c5 16. Nh3 Rh8 17. Qg2 Qf8 18. Rhg1 bxc4 19. Nf4 Nxf5 20. exf5 Bxf5 21.
Qg5 Bg4 22. Nxh5 Bxh5 23. Qxh5+ Bh6 24. Qf5# 1-0

[Event "Open 2004 des PSV Rostock"]
[Site "Rostock"]
[Date "2004.08.26"]
[Round "2.21"]
[White "Prueter, Reinhard"]
[Black "Kramps, Rene"]
[Result "0-1"]
[WhiteElo "1637"]
[BlackElo "2010"]
[PlyCount "76"]
[EventDate "2004.08.26"]
[EventType "swiss"]
[EventRounds "7"]
[EventCountry "GER"]
[Source "Th. Schwetlick"]
[SourceDate "2004.09.01"]

1. e4 e6 2. d4 c5 3. d5 exd5 4. exd5 d6 5. Bb5+ Nd7 6. Nf3 Ngf6 7. O-O Be7 8.
Re1 O-O 9. Bg5 a6 10. Bd3 h6 11. Bh4 Nxd5 12. Bxe7 Nxe7 13. Nbd2 Nf6 14. Ne4
Nxe4 15. Bxe4 d5 16. Bd3 Nc6 17. c3 Bg4 18. h3 Be6 19. Bc2 Qf6 20. Qd3 g6 21.
Qe3 Kg7 22. h4 d4 23. cxd4 cxd4 24. Qd2 Rad8 25. h5 Bd5 26. hxg6 Bxf3 27. gxf3
fxg6 28. Qd3 Rd5 29. f4 Rh5 30. Re4 Qh4 31. Kf1 Qg4 32. Ke1 Rh1+ 33. Kd2 Rxa1
34. f3 Qh4 35. Qe2 Rh1 36. Re6 Qxf4+ 37. Kd3 Nb4+ 38. Kc4 d3+ 0-1

[Event "Open 2004 des PSV Rostock"]
[Site "Rostock"]
[Date "2004.08.26"]
[Round "2.22"]
[White "Von Rahden, Arvid"]
[Black "Heinisch, Uwe"]
[Result "1-0"]
[WhiteElo "2145"]
[BlackElo "1587"]
[PlyCount "89"]
[EventDate "2004.08.26"]
[EventType "swiss"]
[EventRounds "7"]
[EventCountry "GER"]
[Source "Th. Schwetlick"]
[SourceDate "2004.09.01"]

1. e4 d6 2. d4 Nf6 3. Nc3 c6 4. a4 e5 5. Bc4 Be7 6. dxe5 dxe5 7. Qxd8+ Bxd8 8.
Nf3 Bc7 9. Be3 b6 10. b4 Bb7 11. O-O O-O 12. Rfd1 Nbd7 13. a5 b5 14. Ba2 h6 15.
Ne1 a6 16. Nd3 Rad8 17. Nc5 Nxc5 18. Bxc5 Rxd1+ 19. Rxd1 Rd8 20. Rxd8+ Bxd8 21.
Bd6 Nd7 22. Kf1 Bg5 23. Ke2 g6 24. g3 Bf6 25. Kd3 g5 26. Nd1 Kg7 27. Ne3 Kg6
28. Nf5 h5 29. Ke3 Ba8 30. Bc7 Bg7 31. Ne7+ Kf6 32. Bd8 Bf8 33. Nxc6+ Kg7 34.
Bd5 Nf6 35. Bxf6+ Kxf6 36. c3 Bd6 37. Kd3 Kg7 38. Ne7 Bxd5 39. Nxd5 f6 40. c4
bxc4+ 41. Kxc4 Bb8 42. b5 axb5+ 43. Kxb5 Ba7 44. Nb6 Kf7 45. Kc6 1-0

[Event "Open 2004 des PSV Rostock"]
[Site "Rostock"]
[Date "2004.08.26"]
[Round "2.23"]
[White "Wiese, Frank"]
[Black "Boehm, Matthias"]
[Result "1-0"]
[WhiteElo "1902"]
[BlackElo "1704"]
[PlyCount "126"]
[EventDate "2004.08.26"]
[EventType "swiss"]
[EventRounds "7"]
[EventCountry "GER"]
[Source "Th. Schwetlick"]
[SourceDate "2004.09.01"]

1. d4 Nf6 2. c4 g6 3. Nc3 d5 4. cxd5 Nxd5 5. e4 Nxc3 6. bxc3 Bg7 7. Bc4 O-O 8.
Be3 c5 9. Ne2 Nc6 10. O-O Qc7 11. Rc1 Rd8 12. Qc2 Na5 13. Bb3 Nxb3 14. Qxb3 b6
15. Bf4 e5 16. Bg5 Re8 17. d5 h6 18. Be3 Kh7 19. c4 f5 20. f3 Bd7 21. Nc3 f4
22. Bf2 Rad8 23. a4 g5 24. Rc2 Bf6 25. Nb5 Qb8 26. Rb1 g4 27. Rcb2 gxf3 28.
Qxf3 Bxb5 29. axb5 Rg8 30. Qh5 Rg6 31. Ra1 Rdg8 32. Be1 R8g7 33. Qf5 Kh8 34.
Bc3 Qd6 35. Ra6 Qd7 36. Rba2 Qxf5 37. exf5 Rg5 38. Rxa7 Rxf5 39. Rxg7 Kxg7 40.
Ra7+ Kg6 41. Rb7 Bd8 42. Rd7 Rf8 43. Bxe5 Kf5 44. Bg7 Rg8 45. Bxh6 Ke4 46. Kf2
Kd3 47. Bxf4 Kxc4 48. g3 Kxb5 49. Rb7 Kc4 50. d6 Kd3 51. h4 c4 52. Rb8 c3 53.
h5 c2 54. Rc8 b5 55. Kg2 Bg5 56. Rxg8 Bxf4 57. d7 Bc7 58. d8=Q+ Bxd8 59. Rxd8+
Kc3 60. h6 Kb2 61. Rc8 b4 62. h7 c1=Q 63. Rxc1 Kxc1 1-0

[Event "Open 2004 des PSV Rostock"]
[Site "Rostock"]
[Date "2004.08.26"]
[Round "2.24"]
[White "Vladov, Mark"]
[Black "Bahr, Enrico"]
[Result "0-1"]
[WhiteElo "1689"]
[BlackElo "1893"]
[PlyCount "125"]
[EventDate "2004.08.26"]
[EventType "swiss"]
[EventRounds "7"]
[EventCountry "GER"]
[Source "Th. Schwetlick"]
[SourceDate "2004.09.01"]

1. c4 Nf6 2. Nc3 g6 3. d4 Bg7 4. e4 d6 5. f3 O-O 6. Be3 Nbd7 7. Qd2 e5 8. d5
Nh5 9. g4 Nf4 10. Bxf4 exf4 11. h4 Nc5 12. O-O-O f5 13. exf5 gxf5 14. g5 Re8
15. Re1 Rxe1+ 16. Qxe1 Bd4 17. b4 Be3+ 18. Kc2 Nd7 19. Nd1 Qe8 20. Nxe3 fxe3
21. h5 f4 22. Rh4 Ne5 23. Rxf4 Qxh5 24. Qxe3 Qh2+ 25. Kb3 a5 26. b5 Bd7 27. Qd4
a4+ 28. Ka3 Qc2 29. Qb2 Qd1 30. Rh4 Qxf1 31. Qc2 Qd3+ 32. Qxd3 Nxd3 33. f4 Bf5
34. Nf3 Nc5 35. Nd4 Bd3 36. f5 Re8 37. Ne6 Bxf5 38. Nxc7 Rc8 39. b6 Kf7 40. Nb5
Ke7 41. Rf4 Bg6 42. Rf6 Ne4 43. Re6+ Kd7 44. Kb4 Bf5 45. Rh6 Bg6 46. Rh4 Nxg5
47. Kxa4 Rf8 48. Kb4 Ne4 49. Nd4 Nc5 50. a4 Rf4 51. Rxf4 Nd3+ 52. Kb5 Nxf4 53.
a5 Nd3 54. Ne6 Be8 55. a6 Kc8+ 56. Ka5 bxa6 57. Kxa6 Kb8 58. b7 Nc5+ 59. Nxc5
dxc5 60. Kb6 h5 61. Kxc5 Kxb7 62. Kd6 h4 63. c5 0-1

[Event "Open 2004 des PSV Rostock"]
[Site "Rostock"]
[Date "2004.08.26"]
[Round "2.25"]
[White "Jeske, Holger"]
[Black "Worm, Alfred"]
[Result "1-0"]
[WhiteElo "1867"]
[BlackElo "1643"]
[PlyCount "89"]
[EventDate "2004.08.26"]
[EventType "swiss"]
[EventRounds "7"]
[EventCountry "GER"]
[Source "Th. Schwetlick"]
[SourceDate "2004.09.01"]

1. e4 c6 2. f4 d5 3. e5 e6 4. Nf3 Ne7 5. d4 Ng6 6. Bd3 c5 7. c3 Nc6 8. O-O Qb6
9. Kh1 Bd7 10. Ng5 Be7 11. Qh5 Bxg5 12. fxg5 cxd4 13. cxd4 Qxd4 14. Bxg6 fxg6
15. Qe2 Qxe5 16. Qb5 Rf8 17. Nc3 Rxf1+ 18. Qxf1 Qf5 19. Qg1 d4 20. Ne2 e5 21.
Ng3 Qd3 22. Qe1 O-O-O 23. Bd2 Re8 24. Ne4 Kb8 25. Nc5 Qf5 26. Qe2 e4 27. Qb5 b6
28. Bf4+ Qxf4 29. Nxd7+ Kc7 30. Rf1 Qd6 31. Rf7 Re7 32. Rxe7 Qxe7 33. Qd5 Qxd7
34. Qxe4 Qe7 35. Qf4+ Qe5 36. Qf7+ Ne7 37. h3 Kd6 38. Qe8 Nc6 39. Qf8+ Kd5 40.
b4 d3 41. b5 Nd4 42. Qg8+ Ke4 43. Qxh7 Kf5 44. Qh4 d2 45. Qg4# 1-0

[Event "Open 2004 des PSV Rostock"]
[Site "Rostock"]
[Date "2004.08.26"]
[Round "2.26"]
[White "Knoblauch, Raphael"]
[Black "Schmidt, Wolfgang"]
[Result "1-0"]
[WhiteElo "1609"]
[BlackElo "1859"]
[PlyCount "53"]
[EventDate "2004.08.26"]
[EventType "swiss"]
[EventRounds "7"]
[EventCountry "GER"]
[Source "Th. Schwetlick"]
[SourceDate "2004.09.01"]

1. d4 Nf6 2. Nf3 d6 3. Bf4 c6 4. e3 Nbd7 5. c3 Qc7 6. Nbd2 e5 7. dxe5 dxe5 8.
Bg3 b5 9. a4 Bd6 10. axb5 Bb7 11. Nc4 Ne4 12. Nxd6+ Nxd6 13. bxc6 Qxc6 14. Nxe5
Nxe5 15. Bxe5 Rd8 16. Bxd6 Rxd6 17. Qa4 Qxa4 18. Rxa4 O-O 19. f3 Rfd8 20. Rd4
g5 21. Kf2 a5 22. Bc4 Rxd4 23. exd4 Kg7 24. Re1 Kf6 25. Re5 a4 26. Ra5 Bc6 27.
Ra6 1-0

[Event "Open 2004 des PSV Rostock"]
[Site "Rostock"]
[Date "2004.08.26"]
[Round "2.27"]
[White "Micheel, Peter"]
[Black "Ehlers, Michael"]
[Result "1/2-1/2"]
[WhiteElo "1844"]
[BlackElo "1592"]
[PlyCount "82"]
[EventDate "2004.08.26"]
[EventType "swiss"]
[EventRounds "7"]
[EventCountry "GER"]
[Source "Th. Schwetlick"]
[SourceDate "2004.09.01"]

1. f4 d5 2. Nf3 Nf6 3. e3 Bf5 4. b4 e6 5. a3 Bd6 6. Bb2 Nbd7 7. Nc3 a6 8. Be2
h6 9. O-O g5 10. Nd4 Bg6 11. f5 exf5 12. Nxf5 Bxf5 13. Rxf5 c6 14. Na4 Rg8 15.
Qf1 Rg6 16. Nc5 Bxc5 17. bxc5 Qe7 18. Bd3 h5 19. Rb1 O-O-O 20. Bxa6 Ne4 21.
Bxb7+ Kc7 22. Qa6 Qxc5 23. Rxf7 Re6 24. Bd4 Qxc2 25. Rb2 Qc1+ 26. Rf1 Qc4 27.
Bb6+ Nxb6 28. Qxb6+ Kd7 29. Ba6 Qc5 30. Qb7+ Kd6 31. Bd3 Qxa3 32. Bxe4 dxe4 33.
Rf7 Ke5 34. Qc7+ Rdd6 35. Qb6 Rxd2 36. Rxd2 Qc1+ 37. Rf1 Qxd2 38. Qc5+ Qd5 39.
Qc3+ Kd6 40. Qb4+ Ke5 41. Qc3+ Kd6 1/2-1/2

[Event "Open 2004 des PSV Rostock"]
[Site "Rostock"]
[Date "2004.08.26"]
[Round "2.28"]
[White "Laser, Dirk"]
[Black "Mueggenburg, Rolf"]
[Result "1-0"]
[WhiteElo "1822"]
[BlackElo "1502"]
[PlyCount "71"]
[EventDate "2004.08.26"]
[EventType "swiss"]
[EventRounds "7"]
[EventCountry "GER"]
[Source "Th. Schwetlick"]
[SourceDate "2004.09.01"]

1. e4 c6 2. d4 d5 3. e5 Bf5 4. Be3 Qb6 5. Qc1 Nd7 6. Nd2 e6 7. c4 Bb4 8. c5 Qc7
9. a3 Bxd2+ 10. Qxd2 Ne7 11. Nf3 h6 12. Nh4 Bh7 13. f4 f6 14. Be2 O-O-O 15. Bg4
f5 16. Be2 Ng6 17. Nf3 Ndf8 18. b4 Kd7 19. O-O Ke8 20. a4 Kf7 21. b5 Qe7 22.
Qa5 Ra8 23. bxc6 bxc6 24. Rab1 Nd7 25. Rb7 Qd8 26. Qa6 Qc8 27. Rfb1 Rd8 28. Qa5
Ne7 29. Ba6 Rb8 30. Rxb8 Qxb8 31. Rxb8 Rxb8 32. Qc7 Rb1+ 33. Bf1 Nb6 34. cxb6
axb6 35. Bf2 Rb4 36. Bh4 1-0

[Event "Open 2004 des PSV Rostock"]
[Site "Rostock"]
[Date "2004.08.26"]
[Round "2.29"]
[White "Eichstaedt, Enrico"]
[Black "Hamann, Dirk"]
[Result "1-0"]
[WhiteElo "1555"]
[BlackElo "1818"]
[PlyCount "79"]
[EventDate "2004.08.26"]
[EventType "swiss"]
[EventRounds "7"]
[EventCountry "GER"]
[Source "Th. Schwetlick"]
[SourceDate "2004.09.01"]

1. e4 e5 2. Nc3 Nf6 3. g3 Nc6 4. Bg2 Bc5 5. Nge2 O-O 6. O-O a6 7. d3 h6 8. h3
d6 9. Kh2 Be6 10. f4 exf4 11. gxf4 Nh7 12. f5 Bd7 13. Qe1 Nd4 14. Nxd4 Bxd4 15.
Ne2 Be5+ 16. Kh1 c5 17. Rg1 Kh8 18. Bf3 Rb8 19. Nf4 Bc6 20. Rg2 b5 21. Qg1 Rg8
22. Bh5 Be8 23. c3 Rc8 24. Bd2 Bxf4 25. Bxf4 Qh4 26. Bg4 Qf6 27. Qf2 Bc6 28.
Rag1 Rce8 29. Qg3 Rd8 30. Kh2 Ng5 31. h4 Nh7 32. e5 dxe5 33. Bxe5 Qe7 34. Re2
Qf8 35. Rge1 f6 36. Bc7 Rc8 37. Bh5 c4 38. d4 Bd7 39. Re7 Bxf5 40. Rf7 1-0

[Event "Open 2004 des PSV Rostock"]
[Site "Rostock"]
[Date "2004.08.26"]
[Round "2.30"]
[White "Krueger, Alexander"]
[Black "Uphoff, Juergen"]
[Result "1-0"]
[WhiteElo "1768"]
[BlackElo "1445"]
[PlyCount "51"]
[EventDate "2004.08.26"]
[EventType "swiss"]
[EventRounds "7"]
[EventCountry "GER"]
[Source "Th. Schwetlick"]
[SourceDate "2004.09.01"]

1. e4 c6 2. d4 d5 3. Nc3 dxe4 4. Nxe4 Bf5 5. Ng3 Bg6 6. Nf3 e6 7. c4 Bb4+ 8.
Bd2 Bxd2+ 9. Qxd2 Ne7 10. Ne5 Nd7 11. Nxg6 Nxg6 12. Be2 O-O 13. O-O Qc7 14. f4
Rad8 15. Rad1 c5 16. d5 Nf6 17. d6 Qc6 18. Bf3 Qa6 19. b3 Rd7 20. f5 exf5 21.
Nxf5 Rfd8 22. Qe2 Ne8 23. Bd5 Nxd6 24. Nxd6 Rxd6 25. Rxf7 Rxd5 26. Rxd5 1-0

[Event "Open 2004 des PSV Rostock"]
[Site "Rostock"]
[Date "2004.08.26"]
[Round "2.31"]
[White "Niessner, Robert"]
[Black "Wiecker, Stefan"]
[Result "0-1"]
[WhiteElo "1447"]
[BlackElo "1740"]
[PlyCount "76"]
[EventDate "2004.08.26"]
[EventType "swiss"]
[EventRounds "7"]
[EventCountry "GER"]
[Source "Th. Schwetlick"]
[SourceDate "2004.09.01"]

1. e4 c6 2. d4 d5 3. e5 c5 4. c3 Nc6 5. Nf3 Bg4 6. Be2 e6 7. Be3 cxd4 8. cxd4
Qb6 9. Qb3 Qxb3 10. axb3 Bb4+ 11. Nc3 Nge7 12. O-O O-O 13. h3 Bxf3 14. Bxf3 Nf5
15. Rfd1 Rfc8 16. Bg4 g6 17. Rac1 Na5 18. Bxf5 gxf5 19. Nb5 a6 20. Nc3 Nxb3 21.
Rb1 Bxc3 22. bxc3 Rxc3 23. Rb2 b5 24. Rdb1 Na5 25. Ra2 Nc4 26. Rba1 Nxe3 27.
fxe3 a5 28. Rxa5 Rxa5 29. Rxa5 b4 30. Kf2 b3 31. Rb5 Rc2+ 32. Kf3 Rb2 33. g4
fxg4+ 34. hxg4 Kg7 35. e4 Rb1 36. exd5 exd5 37. Rb6 b2 38. Ke2 Rh1 0-1

[Event "Open 2004 des PSV Rostock"]
[Site "Rostock"]
[Date "2004.08.26"]
[Round "2.32"]
[White "Ernst, Mathias"]
[Black "Kurzwig, Andre"]
[Result "1-0"]
[WhiteElo "1713"]
[BlackElo "1398"]
[PlyCount "33"]
[EventDate "2004.08.26"]
[EventType "swiss"]
[EventRounds "7"]
[EventCountry "GER"]
[Source "Th. Schwetlick"]
[SourceDate "2004.09.01"]

1. e4 c6 2. d4 d5 3. Nc3 dxe4 4. f3 exf3 5. Nxf3 Nf6 6. Bc4 e6 7. O-O Bb4 8.
Bg5 O-O 9. Ne4 Be7 10. Ng3 Nd5 11. Qd2 Bxg5 12. Nxg5 h6 13. Nf3 Nd7 14. Rae1
N7b6 15. Bd3 Qc7 16. Re4 c5 17. Rg4 1-0

[Event "Open 2004 des PSV Rostock"]
[Site "Rostock"]
[Date "2004.08.26"]
[Round "2.33"]
[White "Moeller, Gerhard"]
[Black "Krieg, Peter"]
[Result "0-1"]
[WhiteElo "1380"]
[BlackElo "1712"]
[PlyCount "78"]
[EventDate "2004.08.26"]
[EventType "swiss"]
[EventRounds "7"]
[EventCountry "GER"]
[Source "Th. Schwetlick"]
[SourceDate "2004.09.01"]

1. Nf3 d5 2. d4 Bf5 3. e3 e6 4. c4 Nf6 5. Nc3 Bb4 6. Qa4+ Nc6 7. Bd2 O-O 8.
cxd5 exd5 9. Bb5 Bxc3 10. bxc3 Ne7 11. O-O c6 12. Be2 Ne4 13. c4 Bg4 14. Bb4
dxc4 15. Qc2 Nf6 16. Qxc4 Nfd5 17. Bd2 Re8 18. Qd3 Ng6 19. e4 Ndf4 20. Bxf4
Nxf4 21. Qe3 Nxe2+ 22. Qxe2 Bxf3 23. Qxf3 Qxd4 24. Rfe1 Re7 25. Rad1 Qb4 26.
Re2 Rae8 27. Rde1 Re5 28. Qd3 f5 29. f3 fxe4 30. fxe4 Qc5+ 31. Kh1 Qb5 32. Qd2
Rh5 33. h3 Qe5 34. Qe3 b6 35. Qb3+ Qe6 36. Qe3 Ra5 37. Rf1 Rxa2 38. Rxa2 Qxa2
39. Qf3 Qe6 0-1

[Event "Open 2004 des PSV Rostock"]
[Site "Rostock"]
[Date "2004.08.26"]
[Round "2.34"]
[White "Jaeger, Frank"]
[Black "Mangold, Thomas"]
[Result "1-0"]
[WhiteElo "1711"]
[BlackElo "1208"]
[PlyCount "59"]
[EventDate "2004.08.26"]
[EventType "swiss"]
[EventRounds "7"]
[EventCountry "GER"]
[Source "Th. Schwetlick"]
[SourceDate "2004.09.01"]

1. e4 e5 2. d4 exd4 3. Nf3 Nf6 4. e5 Nd5 5. Bc4 Bb4+ 6. Bd2 Bxd2+ 7. Qxd2 Nb6
8. Bb3 d6 9. O-O O-O 10. Re1 Nc6 11. c3 dxc3 12. Nxc3 Be6 13. Bxe6 fxe6 14.
exd6 Nc4 15. Qe2 Nxd6 16. Qxe6+ Nf7 17. Rad1 Qe8 18. Qb3 Qc8 19. Nd5 Kh8 20.
Ne7 Nxe7 21. Rxe7 Nd6 22. Qc3 Rf7 23. Rde1 Qd8 24. R7e6 c6 25. Qd3 Rf6 26. Ng5
g6 27. Qd4 Kg7 28. Re7+ Kg8 29. Qxf6 Nf5 30. Qf7+ 1-0

[Event "Open 2004 des PSV Rostock"]
[Site "Rostock"]
[Date "2004.08.26"]
[Round "2.35"]
[White "Obodzinskiy, Slava"]
[Black "Miedeck, Franz"]
[Result "0-1"]
[WhiteElo "1201"]
[BlackElo "1709"]
[PlyCount "44"]
[EventDate "2004.08.26"]
[EventType "swiss"]
[EventRounds "7"]
[EventCountry "GER"]
[Source "Th. Schwetlick"]
[SourceDate "2004.09.01"]

1. e4 e5 2. f4 exf4 3. Nf3 d5 4. exd5 Qxd5 5. Nc3 Qd6 6. Bc4 h6 7. O-O Qc5+ 8.
d4 Qxc4 9. Bxf4 Be7 10. Ne5 Qe6 11. d5 Qb6+ 12. Kh1 Nf6 13. Qf3 O-O 14. Qg3 Nh5
15. Qf3 Nxf4 16. Qxf4 Bd6 17. Rfe1 Nd7 18. Nxd7 Bxd7 19. Qh4 Rae8 20. Ne4 f5
21. Nd2 Rxe1+ 22. Rxe1 Qxb2 0-1

[Event "Open 2004 des PSV Rostock"]
[Site "Rostock"]
[Date "2004.08.27"]
[Round "3.1"]
[White "Seils, Joerg"]
[Black "Porsch, Harald"]
[Result "1-0"]
[WhiteElo "2366"]
[BlackElo "2238"]
[PlyCount "63"]
[EventDate "2004.08.26"]
[EventType "swiss"]
[EventRounds "7"]
[EventCountry "GER"]
[Source "Th. Schwetlick"]
[SourceDate "2004.09.01"]

1. e4 e5 2. Nf3 Nf6 3. Nc3 Nc6 4. Bc4 Bc5 5. d3 h6 6. a3 O-O 7. O-O d6 8. Na4
Bg4 9. Nxc5 dxc5 10. h3 Bh5 11. c3 Qd6 12. b4 Nd7 13. Be3 Rab8 14. g4 Bg6 15.
Nh4 Bh7 16. Nf5 Bxf5 17. gxf5 b5 18. Bd5 a5 19. bxc5 Nxc5 20. Qg4 Kh7 21. Kh1
Ne7 22. Rg1 g5 23. fxg6+ fxg6 24. Ba2 Nxd3 25. Rad1 Rbd8 26. Bb1 Rf4 27. Qg2
Nxf2+ 28. Qxf2 Qxd1 29. Bxf4 Qh5 30. Bh2 Rd1 31. Qf7+ Kh8 32. Qf6+ 1-0

[Event "Open 2004 des PSV Rostock"]
[Site "Rostock"]
[Date "2004.08.27"]
[Round "3.2"]
[White "Drill, Frank"]
[Black "Hetey, Laszlo"]
[Result "1/2-1/2"]
[WhiteElo "2175"]
[BlackElo "2336"]
[PlyCount "53"]
[EventDate "2004.08.26"]
[EventType "swiss"]
[EventRounds "7"]
[EventCountry "GER"]
[Source "Th. Schwetlick"]
[SourceDate "2004.09.01"]

1. d4 Nf6 2. Bg5 e6 3. e4 h6 4. Bxf6 Qxf6 5. Nc3 Bb4 6. Qd2 d6 7. f4 e5 8. Nge2
c6 9. O-O-O Bg4 10. dxe5 dxe5 11. fxe5 Qg5 12. h3 Be6 13. Qxg5 hxg5 14. Nd4 Nd7
15. Nxe6 fxe6 16. Ne2 Nxe5 17. Nd4 Ke7 18. Nf3 Nf7 19. Bc4 Bc5 20. c3 Nd6 21.
Ne5 Rhd8 22. Rhf1 Be3+ 23. Kc2 Bf4 24. Ng6+ Kf6 25. e5+ Kxg6 26. exd6 Bxd6 27.
Bxe6 1/2-1/2

[Event "Open 2004 des PSV Rostock"]
[Site "Rostock"]
[Date "2004.08.27"]
[Round "3.3"]
[White "Rudolf, Henrik"]
[Black "Ruebensam, Helmut"]
[Result "1/2-1/2"]
[WhiteElo "2322"]
[BlackElo "2184"]
[PlyCount "81"]
[EventDate "2004.08.26"]
[EventType "swiss"]
[EventRounds "7"]
[EventCountry "GER"]
[Source "Th. Schwetlick"]
[SourceDate "2004.09.01"]

1. e4 e5 2. Nf3 Nc6 3. Bb5 a6 4. Ba4 Nf6 5. O-O b5 6. Bb3 Be7 7. Re1 O-O 8. c3
d6 9. h3 Na5 10. Bc2 c5 11. d4 Qc7 12. Nbd2 Bd7 13. Nf1 Rac8 14. Re2 b4 15.
cxb4 cxb4 16. Bd3 Ra8 17. Bg5 Qb8 18. Ng3 h6 19. Be3 Rc8 20. b3 Bf8 21. Rc1 Nc6
22. d5 Ne7 23. Nd2 Rxc1 24. Qxc1 Bb5 25. Nc4 Nd7 26. Rc2 a5 27. Nb2 Bxd3 28.
Nxd3 Qb5 29. Rc7 Qxd3 30. Rxd7 Rc8 31. Qf1 Qc2 32. Rxd6 Qxa2 33. Qa6 Qxb3 34.
Qxa5 f5 35. exf5 Nxf5 36. Nxf5 Qb1+ 37. Kh2 Qxf5 38. Rc6 e4 39. Qa2 Kh7 40. Qc4
Rb8 41. Rb6 1/2-1/2

[Event "Open 2004 des PSV Rostock"]
[Site "Rostock"]
[Date "2004.08.27"]
[Round "3.4"]
[White "Lisek, Juergen"]
[Black "Hellmann, Norbert"]
[Result "1-0"]
[WhiteElo "2290"]
[BlackElo "2137"]
[PlyCount "115"]
[EventDate "2004.08.26"]
[EventType "swiss"]
[EventRounds "7"]
[EventCountry "GER"]
[Source "Th. Schwetlick"]
[SourceDate "2004.09.01"]

1. e4 d6 2. d4 Nf6 3. Nc3 g6 4. Be2 Bg7 5. Be3 c6 6. f4 Qa5 7. Qd2 b5 8. e5 Ng4
9. Bxg4 Bxg4 10. h3 Be6 11. Nf3 Nd7 12. O-O Nb6 13. Qf2 Nc4 14. Bc1 b4 15. Ne2
Bd5 16. b3 Na3 17. Ng3 O-O 18. Bb2 Rac8 19. Qd2 c5 20. c4 Bxf3 21. Rxf3 cxd4
22. exd6 exd6 23. f5 f6 24. Bxa3 Qxa3 25. Qxd4 Qa5 26. Re1 Qc5 27. Rd3 gxf5 28.
Qxc5 Rxc5 29. Rd5 Rxd5 30. cxd5 Bh6 31. Nxf5 Bf4 32. Re4 Be5 33. Rxb4 Kf7 34.
Kf2 Kg6 35. g4 Rf7 36. Rb8 h5 37. Rg8+ Kh7 38. Re8 hxg4 39. hxg4 Kg6 40. Re7
Rxe7 41. Nxe7+ Kg5 42. Kf3 Bd4 43. Nf5 Bc5 44. Ng3 Ba3 45. Nf5 Bc5 46. Ng7 Bb4
47. Ne6+ Kg6 48. Ke4 Ba3 49. Kd4 f5 50. gxf5+ Kxf5 51. Kc4 Ke5 52. b4 Bc1 53.
Nd8 Be3 54. Nc6+ Ke4 55. b5 Kf5 56. a4 Kf6 57. a5 Kf5 58. Nxa7 1-0

[Event "Open 2004 des PSV Rostock"]
[Site "Rostock"]
[Date "2004.08.27"]
[Round "3.5"]
[White "Reschke, Heiko"]
[Black "Weglarz, Leszek"]
[Result "0-1"]
[WhiteElo "2085"]
[BlackElo "2305"]
[PlyCount "62"]
[EventDate "2004.08.26"]
[EventType "swiss"]
[EventRounds "7"]
[EventCountry "GER"]
[Source "Th. Schwetlick"]
[SourceDate "2004.09.01"]

1. c4 e6 2. Nf3 d5 3. g3 Nf6 4. Bg2 Be7 5. O-O O-O 6. b3 a5 7. e3 a4 8. bxa4
Nbd7 9. d4 Nb6 10. c5 Nxa4 11. Re1 c6 12. Qc2 b6 13. cxb6 Qxb6 14. Bd2 c5 15.
dxc5 Nxc5 16. Nc3 Ba6 17. Bf1 Bxf1 18. Rxf1 Rfc8 19. Rfb1 Qd8 20. a4 Nfe4 21.
Nxe4 Nxe4 22. Qd1 Bf6 23. Ra2 Bc3 24. Rb7 Bxd2 25. Nxd2 Nc3 26. Qb3 Nxa2 27.
Qxa2 Rcb8 28. Rxb8 Qxb8 29. Nb3 Qb4 30. a5 h6 31. Qc2 Qc4 0-1

[Event "Open 2004 des PSV Rostock"]
[Site "Rostock"]
[Date "2004.08.27"]
[Round "3.6"]
[White "Scholz, Alexander"]
[Black "Schulz, Michael"]
[Result "1-0"]
[WhiteElo "2084"]
[BlackElo "2247"]
[PlyCount "83"]
[EventDate "2004.08.26"]
[EventType "swiss"]
[EventRounds "7"]
[EventCountry "GER"]
[Source "Th. Schwetlick"]
[SourceDate "2004.09.01"]

1. c4 d6 2. Nc3 e5 3. Nf3 f5 4. d4 e4 5. Ng5 Be7 6. Nh3 Nf6 7. e3 O-O 8. Nf4 c6
9. Be2 Na6 10. Rb1 Nc7 11. b4 a6 12. a4 g5 13. Nh3 h6 14. Bd2 d5 15. c5 Ng4 16.
Qb3 Bf6 17. Ng1 Bg7 18. Bxg4 fxg4 19. Nge2 Kh8 20. b5 axb5 21. axb5 cxb5 22.
Nxb5 Nxb5 23. Qxb5 Ra2 24. Qb3 Ra6 25. Nc3 Rf5 26. Nb5 Raf6 27. O-O Bf8 28. Bb4
Bd7 29. Nd6 Bxd6 30. cxd6 Qf8 31. Rb2 Qf7 32. Bc5 Bc6 33. Qb6 Qe8 34. Ra1 Kh7
35. Ra7 Qf7 36. Rxb7 Bxb7 37. Qxb7 Qxb7 38. Rxb7+ Kg6 39. d7 Ra6 40. Rb6+ Rf6
41. Rxa6 Rxa6 42. Kf1 1-0

[Event "Open 2004 des PSV Rostock"]
[Site "Rostock"]
[Date "2004.08.27"]
[Round "3.7"]
[White "Gottschalk, Jens"]
[Black "Kolbe, Jana"]
[Result "1-0"]
[WhiteElo "2239"]
[BlackElo "2072"]
[PlyCount "59"]
[EventDate "2004.08.26"]
[EventType "swiss"]
[EventRounds "7"]
[EventCountry "GER"]
[Source "Th. Schwetlick"]
[SourceDate "2004.09.01"]

1. d4 Nf6 2. c4 e6 3. Nc3 d5 4. Bg5 Nbd7 5. e3 Be7 6. Nf3 h6 7. Bh4 O-O 8. Rc1
b6 9. cxd5 Nxd5 10. Nxd5 Bxh4 11. Nxc7 Rb8 12. Nxh4 Qxh4 13. Na6 Ra8 14. Qf3 e5
15. Qxa8 Bxa6 16. Qd5 Bxf1 17. Kxf1 Rd8 18. Rc7 Qg4 19. f3 Qf5 20. Kf2 Qd3 21.
Re1 Qf5 22. Rd1 h5 23. dxe5 g5 24. e6 Ne5 25. Qxd8+ Kg7 26. Rxf7+ Nxf7 27. exf7
Kxf7 28. Rd7+ Kg6 29. Qg8+ Kh6 30. Qg7# 1-0